Acapulco International Airport Destinations (Acapulco, Mexico) - Map - Statistics

General Stats
  • This quiz has been taken 23 times
  • The average score is 8 of 9
Answers on the Map
Answers color-coded by a green-red scale on the quiz's map according to % correct below.
 
Answer Stats
Destination % Correct
Dallas/Fort Worth
100%
Houston (Intercontinental)
100%
Mexico City
100%
Mexico City (AIFA)
100%
Montréal (Trudeau)
100%
Tijuana
100%
Guadalajara
95%
Monterrey
95%
Querétaro
32%
No matching quizzes found
Score Distribution
Percent of People with Each Score
Percentile by Number Answered
Your Score History
You have not taken this quiz